Sumarios y responsabilidad administrativa

Salvato in:
Dettagli Bibliografici
Autore principale: Aldunate Ramos, Francisco Javier (Autore)
Natura: Libro
Lingua:spagnolo
Pubblicazione: Santiago Libromar SpA 2019
Edizione:1a. ed
Soggetti:
Tags: Aggiungi Tag
Nessun Tag, puoi essere il primo ad aggiungerne!!

MARC

LEADER 00000cam a2200000 a 4500
001 UCC7599
003 CL-VaPUC
008 190418e20190000cl |||||||||||||||||spa|d
020 |a 9789567890552 
082 0 4 |a 342.830684  |b ALD  |2 21 
100 0 |a Aldunate Ramos, Francisco Javier  |e author  |9 602280 
245 1 0 |a Sumarios y responsabilidad administrativa 
250 |a 1a. ed 
300 |a 304 p 
942 |c BK 
945 |d 20190418 12:46:00  |a dcastane 
260 |a Santiago  |b Libromar SpA  |c 2019 
650 0 |a Derecho administrativo  |9 254851 
650 0 |a Funcionarios públicos  |9 405107 
650 0 |a Responsabilidad administrativa  |9 256129 
650 0 |a Responsabilidad penal  |9 254899 
650 7 |a RESPONSABILIDAD CIVIL  |2 CL-VaPUC  |9 602281 
583 |a last modification  |c 20190418 12:46:00  |k Rodrigo Vera 
999 |c 374208  |d 374206 
952 |0 0  |1 0  |3 erb  |4 0  |6 342_830684000000000_ALD_2019  |7 0  |8 A  |9 492694  |a BIBDER  |b BIBDER  |i 5543894  |l 1  |o 342.830684 ALD 2019  |p 5543894  |r 2023-01-25  |s 2022-03-28  |w 2019-11-24  |y BK  |z Catalogado en:20190418  |k DER